Aranygyűrűsök lettek
Elmentve itt :
| Dokumentumtípus: | Cikk |
|---|---|
| Megjelent: |
2006-01-21
|
| Sorozat: | Délmagyarország
|
| Kulcsszavak: | Tajti Gabriella, Szeged Kultúrájáért kitüntetés |
| Online Access: | http://univ.bibl.u-szeged.hu/29310 |
| LEADER | 00458nab a2200157 i 4500 | ||
|---|---|---|---|
| 001 | univ29310 | ||
| 005 | 20171214104429.0 | ||
| 008 | 171214s2006 hu o 0|| zxx d | ||
| 040 | |a SZTE UnivHistória Repozitórium |b hun | ||
| 041 | |a zxx | ||
| 245 | 0 | 0 | |a Aranygyűrűsök lettek |h [elektronikus dokumentum] |
| 260 | |c 2006-01-21 | ||
| 300 | |a 4 | ||
| 490 | 0 | |a Délmagyarország | |
| 561 | |a Egyetemi hirarchívum | ||
| 695 | |a Tajti Gabriella, Szeged Kultúrájáért kitüntetés | ||